Mathematical methods for digital computers

Tallennettuna:
Bibliografiset tiedot
Päätekijät: Ralston, Anthony (Tekijä), Enslein, Kurt (Tekijä), Wilf, Herbert S (Tekijä)
Aineistotyyppi: Kirja
Kieli:englanti
Julkaistu: Nueva York John Wiley and Sons 1977
Aiheet:
Tagit: Lisää tagi
Ei tageja, Lisää ensimmäinen tagi!

MARC

LEADER 00000nam a2200000 a 4500
001 UCP3763
003 CL-VaPUC
008 990702e19770000US |||||||||||||||||eng|d
082 0 4 |a 519.53  |b RAL  |2 21 
100 0 |a Ralston, Anthony  |e author  |9 431151 
700 0 |a Enslein, Kurt  |e author  |9 431152 
700 0 |a Wilf, Herbert S  |e author  |9 431153 
245 1 0 |a Mathematical methods for digital computers 
300 |a v 
942 |c BK 
945 |d 19990702 00:00:00  |a crobeson 
260 |a Nueva York  |b John Wiley and Sons  |c 1977 
500 |a v.3: Statistical methods for digital computers 
650 7 |a METODOS MATEMATICOS  |2 CL-VaPUC  |9 354952 
650 0 |a Estadística descriptiva  |9 366209 
650 0 |a Métodos estadísticos   |9 259407 
650 0 |a Proceso de datos   |9 259776 
650 7 |a COMPUTADORES DIGITALES  |2 CL-VaPUC  |9 431154 
583 |a last modification  |c 19990702 00:00:00  |k Rodrigo Vera 
999 |c 281959  |d 281957 
952 |0 0  |1 0  |4 0  |6 519_530000000000000_RAL_1977  |7 0  |8 A  |9 323131  |a BIBGIM  |b BIBGIM  |d 2019-11-20  |h v.3  |i 1351915  |o 519.53 RAL 1977  |p 1351915  |r 2025-01-15  |w 2019-11-20  |y BK  |k EST